00285nam a2200121Ia 4500008004100000082001300041100001400054245004100068250000800109260003000117300000800147650000800155191201s2009 xx 000 0 und d a657bJHF aJHAMB,H.V 0aFundamental of Management Accounting a2nd aN. DelhibAne Booksc2009 a524 aBBA